| 000 | 00872nam a2200229Ii 4500 | ||
|---|---|---|---|
| 003 | JO-AjNU | ||
| 008 | 230605s9999||||xx |||||||||||||| ||und|| | ||
| 017 | _a2017/4/1720 | ||
| 020 | _a978-9957-92-174-3 | ||
| 040 |
_aJO-AjNU _bara _erda _cJO-AjNU |
||
| 041 | _aara | ||
| 050 | 1 | 4 | _aQP360.C37125 2018 |
| 100 | 3 |
_aتأليف NEIL R.CARLSON؛ ترجمة وتعريب فيصل محمد خير الزراد, _eauthor _960632 |
|
| 245 | 0 | 0 | _aفيزيولوجيا السلوك=Pysiology of Behavior |
| 250 | _aالطبعة الاولى | ||
| 264 | 3 | 1 | _aعمان: دار الفكر ناشرون وموزعون، 2018 |
| 300 |
_a1184ص _b ويحتوي على قائمة مراجع من ص1075ص- 1184ص |
||
| 336 |
_atext _btxt _2rdacontent |
||
| 337 |
_aunmediated _bn _2rdamedia |
||
| 338 |
_avolume _bnc _2rdacarrier |
||
| 650 | 4 |
_aعلم النفس-السلوك _960633 |
|
| 999 |
_aA27352 _c30920 _d30920 |
||